000 00854nam a2200205 i 4500
001 151052
003 ES-MaACL
005 20250719063316.0
007 t|
008 071203s1871 sp |||| | spa d
100 1 _aBergez y Dufoo, Ildefonso,
_d1810-1870
_eaut
_927986
245 1 0 _aHistoria de la epidemia de fiebre amarilla que reinó en Alicante el año de 1870 /
_cpor Ildefonso Bergez y Dufoo
260 _aAlicante :
_b[s.n.],
_c1871
_f(Imp. de la Viuda de J.J. Carratalá)
300 _a44 páginas ;
_c19 cm.
650 4 _aFiebre amarilla-
_zAlicante.
_9166275
852 _aES-MaACL
_cDEPOF
_gDedic. ms. del autor a Manuel Álvarez
_gDedic. ms. de R. Álvarez Sereix al Ateneo de Madrid
_hDonativo de Rafael Álvarez Sereix
_jT-368-F-3
942 _2udc
_cFOLLETOS
_n0
999 _c151052
_d151052